K Fenomenológii umeleckej kritiky

Umelecká kritika ako veda a povolanie.

Salvato in:
Dettagli Bibliografici
Autore principale: Lipták, Michal
Natura: Capitolo di libro
Lingua:slovacco
Soggetti:
Tags: Aggiungi Tag
Nessun Tag, puoi essere il primo ad aggiungerne!!

MARC

LEADER 00000naa a2200000 4500
001 0239003
005 20220725085200.3
041 0 |a slo 
044 |a SK 
245 1 0 |a K Fenomenológii umeleckej kritiky  |c Michal Lipták 
520 |a Umelecká kritika ako veda a povolanie. 
610 2 0 |a umenie 
610 2 0 |a kritika 
610 2 0 |a veda 
610 2 0 |a povolanie 
100 1 |a Lipták, Michal